Statistiques concernant Pays les plus proches de Maroc

Cliquez ici pour prendre le quiz!

Statistiques générales

  • Ce quiz a été pris 1 118 fois
  • Le résultat moyen est 14 sur 20

Statistiques - réponses

kmpays% Correct
0Algérie
100%
0Espagne
98%
40Mauritanie
96%
807Tunisie
95%
843France
92%
202Portugal
90%
363Mali
89%
1233Sénégal
87%
1012Italie
83%
1021Libye
77%
867Andorre
56%
1267Monaco
55%
1408Suisse
53%
1553Gambie
52%
1449Malte
50%
1482Vatican
47%
1590Saint-Marin
44%
1556Royaume-Uni
42%
1566Cabo Verde
41%
0Sahara occidental
37%

Distribution des résultats

Percentile par nombre de réponses

% des personnes avec chaque résultat

Votre développement - résultats

Vous n’avez pas pris ce quiz